00633 a2200193 450000100060000002000180000604000240002410000180004824000380006624500330010430000070013736200090014444000230015365000310017694200070020795201040021495201040031899900170042269879 a9788537707296 cAnchieta - Itaigara aLeite, Marcia10aQuem mandou não acreditar?lpor10aQuem mandou não acreditar? a620 a2008 1aEscala Educacional 4aLiteratura infanto-juvenil cBK 00104070a88.1b88.1d2023-11-21l0o028.5 LEI QUEp2699/ITAr2023-11-21 20:04:38w2023-11-21yBK 00104070a88.1b88.1d2023-11-21l0o028.5 LEI QUEp2700/ITAr2023-11-21 20:04:38w2023-11-21yBK c69879d69879